000 00675nam a2200205 4500
001 143779
003 ES-MaACL
005 20250913154003.0
007 t|
008 070214s1965 sp r ||||1| spa d
100 0 _aSheering, John B.
_9106050
245 1 3 _aEl sacramento de la libertad
_b: (libro sobre la confesión) /
_cJohn B. Sheering ; traducción de Felipe Ximénez de Sandoval.
260 _aMadrid :
_bStudium,
_c1965.
300 _a173 p. ;
_c20 cm.
650 4 _916963
_aSacramentos
700 1 _aXiménez de Sandoval, Felipe,
_d1903-1978
_9117510
852 _aES-MaACL
_bR.56353
_cDEPO2
_jC-27288
_9148973
942 _2udc
999 _c143779
_d143779